Expert witnessing (Record no. 16294)

MARC details
000 -LEADER
fixed length control field 00657nam a22001937a 4500
008 - FIXED-LENGTH DATA ELEMENTS--GENERAL INFORMATION
fixed length control field 170201b xxu||||| |||| 00| 0 eng d
020 ## - INTERNATIONAL STANDARD BOOK NUMBER
International Standard Book Number 9966092564
040 ## - CATALOGING SOURCE
Original cataloging agency KABU
Transcribing agency KABU
050 ## - LIBRARY OF CONGRESS CALL NUMBER
Classification number KF8968.15
Item number .B53 2015 C.1
100 ## - MAIN ENTRY--PERSONAL NAME
Personal name Bichang'a, Sosthenes
245 ## - TITLE STATEMENT
Title Expert witnessing
Remainder of title Theory & practices
Statement of responsibility, etc. compiled by Sosthenes Bichang'a, Dennis Kebori and Akepe Linus Enobi
260 ## - PUBLICATION, DISTRIBUTION, ETC. (IMPRINT)
Place of publication, distribution, etc. Wilmington
Name of publisher, distributor, etc. IICFIP printing press
Date of publication, distribution, etc. 2015
300 ## - PHYSICAL DESCRIPTION
Extent 572 p.
650 ## - SUBJECT ADDED ENTRY--TOPICAL TERM
Topical term or geographic name as entry element Forensic accounting
650 ## - SUBJECT ADDED ENTRY--TOPICAL TERM
Topical term or geographic name as entry element Evidence, expert
700 ## - ADDED ENTRY--PERSONAL NAME
Personal name Kebori, Dennis
700 ## - ADDED ENTRY--PERSONAL NAME
Personal name Enobi, Akepe Linus
942 ## - ADDED ENTRY ELEMENTS (KOHA)
Source of classification or shelving scheme Library of Congress Classification
Koha item type General Collection
Classification part KF8968.15 .B53 2015 C.1
Holdings
Withdrawn status Lost status Source of classification or shelving scheme Not for loan Home library Current library Shelving location Date acquired Total Checkouts Full call number Barcode Date last seen Copy number Price effective from Koha item type
    Library of Congress Classification   Kabarak, Main Campus Kabarak, Main Campus General Stacks 01/02/2017   KF8968.15 .B53 2015 C.1 027150 01/02/2017 C.1 01/02/2017 General Collection
Designed with assistance from East African Informatics Ltd